| 000 | 01096cam a2200301 a 4500 | ||
|---|---|---|---|
| 001 | 13601382 | ||
| 003 | Nust | ||
| 005 | 20220829114630.0 | ||
| 008 | 040521s2004 nyu 000 1 eng | ||
| 010 | _a 2004050556 | ||
| 020 | _a9780141017716 | ||
| 040 |
_aDLC _cDLC _dDLC |
||
| 050 | 0 | 0 |
_aPS3553.U75 _bL67 2004 |
| 082 | 0 | 0 |
_a823 _bCUS |
| 100 | 1 |
_aCussler, Clive. _912104 |
|
| 245 | 1 | 0 |
_aLost city : _ba novel from the Numa files / _cClive Cussler with Paul Kemprecos. |
| 260 |
_aNew York : _bPutnam, _c2004. |
||
| 300 |
_a531 p. ; _c24 cm. |
||
| 650 | 0 |
_aAustin, Kurt (Fictitious character) _vFiction. _912105 |
|
| 650 | 0 |
_aUnderwater exploration _vFiction. _912160 |
|
| 650 | 0 |
_aMarine scientists _vFiction. _912106 |
|
| 650 | 0 |
_aImmortalism _vFiction. _99956 |
|
| 655 | 7 |
_aSuspense fiction. _2gsafd |
|
| 700 | 1 |
_aKemprecos, Paul. _912110 |
|
| 906 |
_a7 _bcbc _corignew _d1 _eocip _f20 _gy-gencatlg |
||
| 942 |
_2ddc _cBK |
||
| 999 |
_c174480 _d174480 |
||